| Tag |
First Indicator |
Second Indicator |
Subfields |
| LEADER |
00000cam a2200000 4500 |
| 001 |
in00000244721 |
| 005 |
20151010051055.0 |
| 008 |
740918s1904 nyua b 00010 eng d |
| 010 |
|
|
|a 04019021
|
| 035 |
|
|
|a (OCoLC)01013865
|
| 035 |
|
|
|9 ABB4009AM
|
| 040 |
|
|
|c RIU
|d TXA
|d UtOrBLW
|
| 049 |
|
|
|a TXAM
|v 1 [342360]
|v 2 [342361]
|v 3 [342362]
|v 4 [342363]
|v 5 [342364
|v 6 [342365]
|v 7 [342366]
|v 8 [342367]
|v 9 [342368]
|v 10 [342369]
|v 11 [342370]
|v 12 [342471]
|
| 050 |
|
0 |
|a E302
|b .H24
|
| 100 |
1 |
|
|a Hamilton, Alexander,
|d 1757-1804.
|
| 245 |
1 |
4 |
|a The works of Alexander Hamilton /
|c ed. by Henry Cabot Lodge.
|
| 250 |
|
|
|a [Federal ed.].
|
| 264 |
|
1 |
|a New York, Putnam's sons,
|b [publisher not identified] ;
|c 1904.
|
| 300 |
|
|
|a 12 volumes :
|b illustrations
|
| 336 |
|
|
|a text
|b txt
|2 rdacontent
|
| 337 |
|
|
|a unmediated
|b n
|2 rdamedia
|
| 338 |
|
|
|a volume
|b nc
|2 rdacarrier
|
| 504 |
|
|
|a Includes bibliographies.
|
| 650 |
|
0 |
|a Finance
|z United States.
|
| 651 |
|
0 |
|a United States
|x Politics and government
|y 1783-1809.
|
| 651 |
|
0 |
|a United States
|x Politics and government
|y 1775-1783.
|
| 700 |
1 |
|
|a Lodge, Henry Cabot,
|d 1850-1924.
|
| 999 |
|
|
|a MARS
|
| 999 |
f |
f |
|s a0c723e0-25eb-3e33-8573-4c5a007db382
|i 692567a8-a5a0-3e0f-b037-5de1f5ed7c03
|t 0
|
| 952 |
f |
f |
|p ric
|a Texas A&M University
|b Rellis Campus
|c Joint Library Facility
|d Remote Storage
|t 0
|e E302 .H24
|h Library of Congress classification
|i unmediated -- volume
|k v.9
|m A14802206293
|
| 952 |
f |
f |
|p ric
|a Texas A&M University
|b Rellis Campus
|c Joint Library Facility
|d Remote Storage
|t 0
|e E302 .H24
|h Library of Congress classification
|i unmediated -- volume
|k v.11
|m A14802206316
|
| 952 |
f |
f |
|p ric
|a Texas A&M University
|b Rellis Campus
|c Joint Library Facility
|d Remote Storage
|t 0
|e E302 .H24
|h Library of Congress classification
|i unmediated -- volume
|k v.5
|m A14802206251
|
| 952 |
f |
f |
|p ric
|a Texas A&M University
|b Rellis Campus
|c Joint Library Facility
|d Remote Storage
|t 0
|e E302 .H24
|h Library of Congress classification
|i unmediated -- volume
|k v.8
|m A14802206285
|
| 952 |
f |
f |
|p ric
|a Texas A&M University
|b Rellis Campus
|c Joint Library Facility
|d Remote Storage
|t 0
|e E302 .H24
|h Library of Congress classification
|i unmediated -- volume
|k v.3
|m A14802206235
|
| 952 |
f |
f |
|p ric
|a Texas A&M University
|b Rellis Campus
|c Joint Library Facility
|d Remote Storage
|t 0
|e E302 .H24
|h Library of Congress classification
|i unmediated -- volume
|k v.4
|m A14802206243
|
| 952 |
f |
f |
|p ric
|a Texas A&M University
|b Rellis Campus
|c Joint Library Facility
|d Remote Storage
|t 0
|e E302 .H24
|h Library of Congress classification
|i unmediated -- volume
|k v.12
|m A14802206324
|
| 952 |
f |
f |
|p ric
|a Texas A&M University
|b Rellis Campus
|c Joint Library Facility
|d Remote Storage
|t 0
|e E302 .H24
|h Library of Congress classification
|i unmediated -- volume
|k v.10
|m A14802206308
|
| 952 |
f |
f |
|p ric
|a Texas A&M University
|b Rellis Campus
|c Joint Library Facility
|d Remote Storage
|t 0
|e E302 .H24
|h Library of Congress classification
|i unmediated -- volume
|k v.2
|m A14802206227
|
| 952 |
f |
f |
|p ric
|a Texas A&M University
|b Rellis Campus
|c Joint Library Facility
|d Remote Storage
|t 0
|e E302 .H24
|h Library of Congress classification
|i unmediated -- volume
|k v.6
|m A14802206269
|
| 952 |
f |
f |
|p ric
|a Texas A&M University
|b Rellis Campus
|c Joint Library Facility
|d Remote Storage
|t 0
|e E302 .H24
|h Library of Congress classification
|i unmediated -- volume
|k v.1
|m A14802206219
|
| 952 |
f |
f |
|p ric
|a Texas A&M University
|b Rellis Campus
|c Joint Library Facility
|d Remote Storage
|t 0
|e E302 .H24
|h Library of Congress classification
|i unmediated -- volume
|k v.7
|m A14802206277
|
| 998 |
f |
f |
|a E302 .H24
|s v.1-v.12
|t 0
|l Remote Storage
|